[Event "AUTO-INT-1018"]
[Site "http://www.queenalice.com/game.php?id=455442"]
[Date "2008.8.29"]
[Round "1"]
[White "Romerflu"]
[Black "fennec"]
[Result "0-1"]
[WhiteElo "1546"]
[BlackElo "1831"]

1. e4 e6 2. Nf3 d5 3. e5 c5 4. Bb5+ Bd7 5. Bxd7+ Nxd7 6. d4 cxd4 7. Qxd4 Bc5 8.
Qg4 Ne7 9. Qxg7 Rg8 10. Qxh7 Rxg2 11. Rg1 Qa5+ 12. Bd2 Rxg1+ 13. Nxg1 Qb6 14.
Qh8+ Nf8 15. Bh6 Ng6 16. Qf6 Qxb2 17. Bxf8 Kxf8 18. Nf3 Qxa1 19. Ng5 Qxb1+ 20.
Ke2 Qxc2+ 21. Kf3 Qxf2+ 22. Kg4 Qg2+ 23. Kh5 Qxh2+ 24. Kg4 Nxe5+ 25. Qxe5 Qxe5
26. Nh7+ Kg7 27. Ng5 f5+ 28. Kh5 Rh8+ 0-1

[Event "Let's Play Chess!"]
[Site "http://www.queenalice.com/game.php?id=456458"]
[Date "2008.8.31"]
[Round "-"]
[White "Andrei_78"]
[Black "fennec"]
[Result "0-1"]
[WhiteElo "1463"]
[BlackElo "1867"]

1. e4 e6 2. d3 d5 3. exd5 exd5 4. d4 Nf6 5. h3 Be7 6. Bd3 O-O 7. Nf3 c5 8. O-O
c4 9. Be2 Nc6 10. b3 Be6 11. bxc4 dxc4 12. Nc3 Qa5 13. Bb2 Rfd8 14. a3 Bc5 15.
dxc5 Rxd1 16. Raxd1 Qxc5 17. Rd4 Nxd4 18. Na4 Nxe2+ 19. Kh1 Qc6 20. Nc3 Nxc3 21.
Bxc3 Bd5 22. Bb4 Bxf3 23. gxf3 Qxf3+ 24. Kh2 Ne4 25. Be1 Ng5 26. Rg1 Qxh3# 0-1

[Event "Let's Play Chess!"]
[Site "http://www.queenalice.com/game.php?id=465384"]
[Date "2008.9.19"]
[Round "-"]
[White "fennec"]
[Black "Andre251"]
[Result "1-0"]
[WhiteElo "1971"]
[BlackElo "1693"]

1. d4 c5 2. d5 Nf6 3. c4 d6 4. Nc3 g6 5. e4 Bg7 6. Be2 Nbd7 7. Nf3 Ng4 8. h3
Nge5 9. O-O Nxf3+ 10. Bxf3 Ne5 11. Be2 h5 12. f4 Nd7 13. Be3 e5 14. dxe6 Bxc3
15. bxc3 O-O 16. exd7 Qxd7 17. f5 Qe7 18. fxg6 fxg6 19. Rxf8+ Kxf8 20. Bf4 d5
21. exd5 Bf5 22. Bd3 Qf6 23. d6 Bxd3 24. Qxd3 Qxf4 25. Rf1 Qxf1+ 26. Qxf1+ Kg7
27. Qe2 Kh6 28. d7 b6 29. Qe8 Rxe8 30. dxe8=Q a5 31. Qb5 h4 32. Qxb6 Kh5 33.
Qxc5+ g5 34. Qxa5 Kg6 35. c5 Kh5 36. c6 Kg6 37. c7 Kh5 38. c8=Q Kg6 39. Qaf5+
Kh5 40. Qh8# 1-0

[Event "Let's Play Chess!"]
[Site "http://www.queenalice.com/game.php?id=465386"]
[Date "2008.9.19"]
[Round "-"]
[White "Andre251"]
[Black "fennec"]
[Result "0-1"]
[WhiteElo "1688"]
[BlackElo "1976"]

1. e4 e6 2. Nf3 d5 3. e5 c5 4. d3 Nc6 5. a3 g6 6. Be3 Qb6 7. b4 d4 8. Bd2 cxb4
9. axb4 Bxb4 10. Bxb4 Qxb4+ 11. Nbd2 Nge7 12. Rb1 Qa5 13. Be2 Nf5 14. O-O Nxe5
15. Ne4 O-O 16. Ra1 Nxf3+ 17. Bxf3 Qc7 18. g3 e5 19. Bg4 Ne7 20. Bf3 Nd5 21. h4
f5 22. Ng5 Nc3 23. Qe1 h6 24. Ne4 fxe4 25. Bxe4 Bh3 26. Bxg6 Rf6 27. h5 Qc6 28.
Be4 Nxe4 29. dxe4 Bxf1 30. Kxf1 Raf8 31. f4 Rxf4+ 32. gxf4 Rxf4+ 33. Kg2 Qxc2+
34. Kg3 Rf7 35. Kh4 Qh2+ 36. Kg4 Rf4# 0-1

[Event "Let's Play Chess!"]
[Site "http://www.queenalice.com/game.php?id=465387"]
[Date "2008.9.19"]
[Round "-"]
[White "Football_rules"]
[Black "fennec"]
[Result "0-1"]
[WhiteElo "1693"]
[BlackElo "1980"]

1. e4 e6 2. d3 d5 3. Nc3 dxe4 4. Nxe4 f5 5. Ng5 Nc6 6. c3 Be7 7. N5f3 Nf6 8. h3
h6 9. Be2 O-O 10. Nh4 Qe8 11. Qb3 Na5 12. Qc2 Bd7 13. b4 Ba4 14. Qd2 Nc6 15.
Ngf3 Nd5 16. a3 g5 17. Nxf5 Rxf5 18. O-O Qf7 19. d4 Nf4 20. Kh1 Bd6 21. Bc4 Nxh3
22. d5 Rxf3 23. dxe6 Nxf2+ 24. Rxf2 Qh5+ 25. Kg1 Bh2+ 26. Kf1 Rxf2+ 27. Qxf2
Qd1+ 28. Qe1 Rf8+ 29. Bf4 Rxf4# 0-1

[Event "Let's Play Chess!"]
[Site "http://www.queenalice.com/game.php?id=465388"]
[Date "2008.9.19"]
[Round "-"]
[White "Aylton"]
[Black "fennec"]
[Result "1-0"]
[WhiteElo "1678"]
[BlackElo "1902"]

1. d4 Nf6 2. c4 e6 3. Nc3 Bb4 4. Bd2 Bxc3 5. Bxc3 d5 6. e3 O-O 7. Nf3 Ne4 8. Rc1
c5 9. dxc5 Nxc5 10. Qd4 Ne4 11. Qxg7# 1-0

[Event "Let's Play Chess!"]
[Site "http://www.queenalice.com/game.php?id=465390"]
[Date "2008.9.19"]
[Round "-"]
[White "fennec"]
[Black "MONTENEGRO"]
[Result "1-0"]
[WhiteElo "1998"]
[BlackElo "1657"]

1. d4 d5 2. c4 e6 3. Nc3 Nf6 4. e3 Bb4 5. Bd3 Nc6 6. Nf3 Ne4 7. Qc2 Nxc3 8. bxc3
Bd6 9. cxd5 exd5 10. Rb1 O-O 11. Bxh7+ Kh8 12. Bd3 Qf6 13. O-O Bg4 14. Nd2 Qh6
15. f4 f5 16. h3 Bh5 17. Bxf5 Ne7 18. Bd3 Rf7 19. Rxb7 Raf8 20. Nf3 Bxf3 21.
Rxf3 Qh4 22. c4 Nf5 23. c5 Nxe3 24. Bxe3 Bxf4 25. Bxf4 Rxf4 26. g3 Qg5 27. Qd2
Rxf3 28. Qxg5 Rxd3 29. Rxc7 g6 30. Qh6+ 1-0

[Event "Let's Play Chess!"]
[Site "http://www.queenalice.com/game.php?id=465391"]
[Date "2008.9.19"]
[Round "-"]
[White "fennec"]
[Black "Aylton"]
[Result "1-0"]
[WhiteElo "1902"]
[BlackElo "1824"]

1. d4 Nf6 2. c4 e6 3. Nc3 d5 4. cxd5 exd5 5. e3 a6 6. Bd3 Be6 7. Nf3 h6 8. O-O
Be7 9. e4 dxe4 10. Nxe4 O-O 11. Be3 Nbd7 12. Qc2 c6 13. Nc5 Nxc5 14. dxc5 Qc7
15. h3 Rfd8 16. Rfe1 Nd5 17. Bd4 Nb4 18. Bh7+ Kf8 19. Qc3 Nxa2 20. Bxg7+ Ke8 21.
Rxa2 Bxa2 22. Be5 Qc8 23. Bd6 Rxd6 24. cxd6 Be6 25. dxe7 Kxe7 26. Nd4 Qh8 27.
Qb4+ Kf6 28. Nxe6 Qxh7 29. Qd4+ 1-0

[Event "Let's Play Chess!"]
[Site "http://www.queenalice.com/game.php?id=465392"]
[Date "2008.9.19"]
[Round "-"]
[White "fennec"]
[Black "Matrix"]
[Result "1-0"]
[WhiteElo "1985"]
[BlackElo "1580"]

1. d4 d5 2. c4 e6 3. e3 Nf6 4. Nc3 Be7 5. Nf3 dxc4 6. Bxc4 Nc6 7. O-O O-O 8. e4
h6 9. e5 Nh7 10. Be3 a6 11. a4 Bg5 12. Nxg5 Nxg5 13. f4 Nh7 14. d5 Nb4 15. Bc5
a5 16. dxe6 Bxe6 17. Bxe6 fxe6 18. Bxf8 Qxf8 19. Qf3 b6 20. Rad1 Nc2 21. Nb5
Qc5+ 22. Rf2 Rc8 23. Qb3 Nf8 24. Qxc2 c6 25. Qxc5 bxc5 26. Nc3 c4 27. Rd6 c5 28.
Ra6 Rd8 29. Rxa5 Ng6 30. Rxc5 Nh4 31. Rxc4 g5 32. fxg5 hxg5 33. Rg4 Kg7 34.
Rxg5+ Kh6 35. Ne4 Nf5 36. Rf3 Rd1+ 37. Kf2 Rd2+ 38. Ke1 Re2+ 39. Kxe2 Nd4+ 40.
Kd3 Nxf3 41. gxf3 1-0

[Event "Let's Play Chess!"]
[Site "http://www.queenalice.com/game.php?id=465394"]
[Date "2008.9.19"]
[Round "-"]
[White "Jose_antonio"]
[Black "fennec"]
[Result "0-1"]
[WhiteElo "1643"]
[BlackElo "2003"]

1. e4 e6 2. e5 d6 3. Nf3 Nc6 4. Bb5 Bd7 5. d4 dxe5 6. dxe5 Nxe5 7. Bxd7+ Nxd7 8.
Nc3 Bb4 9. Bd2 Ngf6 10. O-O O-O 11. Re1 c6 12. Ne4 Qb6 13. Nxf6+ Nxf6 14. Bxb4
Qxb4 15. b3 Rad8 16. Qe2 Qc3 17. Ne5 Rd2 18. Qe3 Qxe3 19. Rxe3 Rxc2 20. a4 Rd8
21. h3 Kf8 22. Nc4 Ke7 23. a5 g5 24. Rf3 Ne4 25. a6 b5 26. Ne5 f6 27. Nd3 Nd2
28. Re3 Nxb3 29. Ra3 Nd4 30. Re4 c5 31. f4 b4 32. Ra1 Ne2+ 33. Kf1 Ng3+ 34. Kg1
Rxd3 35. Ree1 Rdd2 0-1

[Event "Challenge"]
[Site "http://www.queenalice.com/game.php?id=469870"]
[Date "2008.9.28"]
[Round "-"]
[White "fennec"]
[Black "CONTEMPLATIF"]
[Result "1-0"]
[WhiteElo "1987"]
[BlackElo "1656"]

1. d4 d5 2. c4 Nf6 3. cxd5 Nxd5 4. e4 Nf6 5. Nc3 e6 6. Nf3 Be7 7. Be2 O-O 8. O-O
b6 9. Qc2 Bb7 10. Rd1 Qc8 11. Bg5 h6 12. Bh4 Bxe4 13. Nxe4 Nbd7 14. Rdc1 c5 15.
dxc5 Nxc5 16. Bxf6 Bxf6 17. Nxf6+ gxf6 18. b4 Nb7 19. Qd2 Qe8 20. Qxh6 Nd6 21.
Rc4 Nf5 22. Rg4+ 1-0

[Event "Challenge"]
[Site "http://www.queenalice.com/game.php?id=470936"]
[Date "2008.10.1"]
[Round "-"]
[White "Andre251"]
[Black "fennec"]
[Result "0-1"]
[WhiteElo "1751"]
[BlackElo "1992"]

1. e4 e6 2. e5 d6 3. Qe2 dxe5 4. Qxe5 Nf6 5. Nc3 Bd6 6. Qg5 O-O 7. d4 h6 8. Qd2
e5 9. f3 exd4 10. Qxd4 Bg3+ 11. hxg3 Qxd4 12. Nge2 Qb6 13. Rh4 Re8 14. b3 Bf5
15. a4 Bxc2 16. Ra2 Bxb3 17. Rb2 Nc6 18. g4 Nb4 19. g5 Nd3+ 20. Kd2 Qe3# 0-1

[Event "Challenge 2"]
[Site "http://www.queenalice.com/game.php?id=473650"]
[Date "2008.10.6"]
[Round "-"]
[White "fennec"]
[Black "Football_rules"]
[Result "1-0"]
[WhiteElo "2000"]
[BlackElo "1679"]

1. d4 d5 2. c4 Nf6 3. cxd5 Qxd5 4. Nc3 Qe6 5. Nf3 Nc6 6. d5 Nxd5 7. Qxd5 Nb4 8.
Qb5+ Bd7 9. Qxb4 c6 10. Qxb7 Rd8 11. Qxa7 Qd6 12. e4 e5 13. Be2 h6 14. Be3 Be7
15. Rd1 Qb4 16. Bb6 Qxb2 17. Bxd8 Qxc3+ 18. Kf1 O-O 19. Bxe7 Re8 20. Qxd7 Ra8
21. Qf5 Rxa2 22. Rd8# 1-0

[Event "AUTO-OPEN-1245"]
[Site "http://www.queenalice.com/game.php?id=512200"]
[Date "2008.12.24"]
[Round "2"]
[White "CCapivara"]
[Black "fennec"]
[Result "0-1"]
[WhiteElo "2152"]
[BlackElo "2078"]

1. e4 e6 2. d4 d5 3. exd5 exd5 4. Nf3 Bg4 5. Bd3 Qf6 6. Nbd2 Bd6 7. O-O Ne7 8.
c3 O-O 9. Qc2 h6 10. h3 Bd7 11. Re1 Nbc6 12. a4 Rfe8 13. a5 Ng6 14. Bxg6 Rxe1+
15. Nxe1 Qxg6 16. Qxg6 fxg6 17. a6 b6 18. Ndf3 Re8 19. Be3 g5 20. Nc2 Bf5 21.
Na3 Bd3 22. Nb1 Nb8 23. Nbd2 Bxa6 24. b4 Re7 25. g4 c6 26. Kg2 Kh7 27. h4 gxh4
28. Nxh4 Bd3 29. Nf1 g5 30. Nf3 Ba6 31. Ng3 Bc8 32. Nh2 Kg6 33. Bd2 a5 34. bxa5
Ra7 35. Nh5 Rxa5 36. Re1 Bxh2 37. Kxh2 Bxg4 38. Ng3 Ra2 39. Be3 h5 40. Kg1 Nd7
41. Nf1 Nf6 42. Nh2 h4 43. f3 Bf5 44. Kh1 g4 45. fxg4 Be4+ 0-1

[Event "AUTO-OPEN-1245"]
[Site "http://www.queenalice.com/game.php?id=512201"]
[Date "2008.12.24"]
[Round "2"]
[White "fennec"]
[Black "CCapivara"]
[Result "1-0"]
[WhiteElo "2005"]
[BlackElo "2204"]

1. d4 d5 2. c4 e5 3. dxe5 d4 4. Nf3 Nc6 5. g3 Bg4 6. Bg2 Nge7 7. h3 Bxf3 8. exf3
Nxe5 9. f4 N5c6 10. O-O Qd7 11. b4 O-O-O 12. b5 Nb8 13. Re1 h5 14. Qa4 a6 15.
Qb3 axb5 16. cxb5 h4 17. g4 Nd5 18. a4 g5 19. fxg5 Bg7 20. a5 c6 21. a6 bxa6 22.
bxc6 Qxc6 23. Bf4 Qb5 24. Qc2+ Nc6 25. Qf5+ Rd7 26. Na3 Qc5 27. Rac1 Nc3 28.
Qxc5 1-0

[Event "Challenge"]
[Site "http://www.queenalice.com/game.php?id=514007"]
[Date "2008.12.29"]
[Round "-"]
[White "arrabi"]
[Black "fennec"]
[Result "0-1"]
[WhiteElo "1992"]
[BlackElo "2097"]

1. e4 e6 2. d4 d5 3. e5 c5 4. c3 Qb6 5. Nf3 Bd7 6. a3 Bb5 7. Be2 Bxe2 8. Qxe2
Ne7 9. O-O Qa6 10. Qxa6 Nxa6 11. b4 cxb4 12. axb4 Nc7 13. Nh4 a6 14. f4 g6 15.
Nd2 Nb5 16. Bb2 Rc8 17. Nb3 Nxc3 18. Nc5 Ne2+ 19. Kh1 Nc6 20. Rad1 Nxb4 21. Nxb7
Rc2 22. Ba3 Nc6 23. Bxf8 Kxf8 24. Nf3 Ke7 25. Nc5 Nexd4 26. Nxa6 Nxf3 27. Rxf3
Ra8 28. Nc7 Raa2 29. Rg3 Rd2 30. Rg1 Nd4 31. Rh3 Rdc2 32. Rd3 Ne2 33. Rf1 Rxc7
34. h3 Rcc2 35. Rb3 Nd4 36. Rb7+ Kf8 37. Rd1 Ne2 38. Rb3 Nxf4 39. Rg1 Nxg2 40.
h4 Nxh4 41. Rh3 Nf3 0-1

[Event "Challenge"]
[Site "http://www.queenalice.com/game.php?id=514008"]
[Date "2008.12.29"]
[Round "-"]
[White "arrabi"]
[Black "fennec"]
[Result "0-1"]
[WhiteElo "2065"]
[BlackElo "2062"]

1. e4 e6 2. d4 d5 3. e5 c5 4. c3 Nc6 5. Nf3 Bd7 6. h3 a5 7. a4 cxd4 8. cxd4 Bb4+
9. Bd2 Nge7 10. Nc3 Qb6 11. Be3 Nf5 12. g4 Nxe3 13. fxe3 h5 14. g5 Ne7 15. Nh4
Bxc3+ 16. bxc3 Qb2 17. Bb5 Bxb5 18. axb5 Qxc3+ 19. Kf2 Ng6 20. Nxg6 fxg6 21. Qc1
O-O+ 22. Ke2 Qb4 23. Rb1 Qa4 24. Rf1 Rfc8 25. Qe1 Rc2+ 26. Kf3 Rh2 27. Kg3 Qc2
28. Kh4 Rf8 29. Rxf8+ Kxf8 30. Qg1 Rg2 31. Rf1+ Ke7 32. Qh1 Qe4+ 0-1

[Event "Challenge"]
[Site "http://www.queenalice.com/game.php?id=514519"]
[Date "2008.12.29"]
[Round "-"]
[White "fennec"]
[Black "Equiferus"]
[Result "1-0"]
[WhiteElo "2046"]
[BlackElo "2040"]

1. d4 Nf6 2. c4 e6 3. Nc3 Bb4 4. e3 d5 5. Nf3 Ne4 6. Bd2 O-O 7. Nxe4 Nc6 8. Bxb4
Nxb4 9. Nc3 dxc4 10. Bxc4 c6 11. O-O b5 12. Be2 a5 13. a4 bxa4 14. Nxa4 f6 15.
Nc5 Re8 16. Nd2 g6 17. Nc4 Re7 18. Qd2 Rea7 19. Ra4 Qc7 20. Rfa1 Kg7 21. e4 h6
22. Qc3 g5 23. Bg4 Qe7 24. Nxa5 Na6 25. Nxc6 Qe8 26. Nxa7 Nxc5 27. dxc5 h5 28.
Bd1 1-0

[Event "Challenge"]
[Site "http://www.queenalice.com/game.php?id=514538"]
[Date "2008.12.30"]
[Round "-"]
[White "Equiferus"]
[Black "fennec"]
[Result "0-1"]
[WhiteElo "2057"]
[BlackElo "2029"]

1. Nf3 d5 2. d3 Nc6 3. g3 e5 4. Bg2 Nf6 5. Bg5 h6 6. Bxf6 Qxf6 7. Nc3 Be6 8. Nb5
O-O-O 9. O-O e4 10. Nd2 Qxb2 11. Rb1 Qf6 12. c4 exd3 13. exd3 a6 14. Qb3 axb5
15. Qxb5 Bb4 16. Rxb4 Nxb4 17. Qxb4 Qd4 18. Rc1 Rd6 19. Nb3 Qb6 20. Qc3 dxc4 21.
dxc4 Rhd8 22. Qxg7 Rd1+ 23. Rxd1 Rxd1+ 24. Bf1 Qb4 25. c5 Kb8 26. Qxh6 Qe1 0-1

[Event "AUTO-INT-1018"]
[Site "http://www.queenalice.com/game.php?id=528956"]
[Date "2009.1.24"]
[Round "2"]
[White "fennec"]
[Black "punk"]
[Result "0-1"]
[WhiteElo "2091"]
[BlackElo "2060"]

1. d4 d5 2. c4 c6 3. Nf3 Nf6 4. e3 e6 5. Bd3 Be7 6. O-O O-O 7. Nc3 Nbd7 8. b3 b6
9. Bb2 Bb7 10. Qe2 dxc4 11. bxc4 c5 12. Nd2 Qc8 0-1

[Event "AUTO-INT-1018"]
[Site "http://www.queenalice.com/game.php?id=528957"]
[Date "2009.1.24"]
[Round "2"]
[White "punk"]
[Black "fennec"]
[Result "1-0"]
[WhiteElo "2041"]
[BlackElo "2107"]

1. d4 Nf6 2. c4 e6 3. Nf3 b6 4. g3 Ba6 5. b3 Bb4+ 6. Nbd2 Bc3 7. Rb1 Bb7 8. Bb2
Ne4 9. Bxc3 Nxc3 10. Qc2 Nxb1 11. Qxb1 Nc6 12. e3 Qe7 13. Bg2 1-0